"Lebe wohl, du wertes Vaterland"
| Titel: | "Lebe wohl, du wertes Vaterland" : Die Vertreibung der Salzburger Protestanten |
|---|---|
| Verfasser: | |
| In: |
Das Ostpreußenblatt, Band 51, Heft 43 (2000), Seite 12, Abb. alle Artikel anzeigen |
| Veröffentlicht: | 2000 |
| Format: | Aufsatz |
| Sprache: | Deutsch |
X
alg: 39162810 001A $01999:11-11-16 001B $01999:25-04-21 $t10:53:17.000 001C $06050:19-11-16 $t09:17:45.000 001D $01999:11-11-16 001U $0utf8 001X $00 002@ $0Aox 003@ $0391628100 007A $0391628100 $aHEB 007T $0Herd38787 010@ $ager 011@ $a2000 021A $a"Lebe wohl, du wertes Vaterland" $dDie Vertreibung der Salzburger Protestanten 028A $aKnorr-Anders $dEsther 031A $d51 $e43 $h12, Abb. $j2000 039B $aIn $8--Abvc--. Das @Ostpreußenblatt. - Hamburg : Landsmannschaft, 1950-2003. - ISSN 0947-9597 $x200000000510043988 $9047780835 045F $a304.6094382 $eDDC23BSB 045F/01 $a304.609 045F/03 $g4382 045F/03 $g43832 045T $a7,41 $a8,1 lok: 39162810 78 exp: 39162810 78 1 #EPN 201B/01 $005-12-17 $t23:50:16.000 201U/01 $0utf8 203@/01 $0787722561 208@/01 $a11-11-16 $be 209A/01 $a/ $f000 $x00 220C/01 $aTitelaufnehmer: mt 244Z/01 $2Trx $#Prusy Wschodnie i Zachodnie $8--Trx--Ost- und Westpreußen $x01 $939113373X 244Z/01 $#Königsberg Preußen $#Königsberg i. Pr. $#Königsberg Pr. $#Königsberg in Ostpreußen $#Königsberg Ostpreußen $#Königsberg (Pr.) $#Königsberg Pregel $#Stadtgemeinde Königsberg $#Königsbergk $#Kaliningrad $#Karaliánčins $#Krulevec $#Karaláuczuje $#Królewiec $#Karaliaučius $#Regimontanus $#Regiomontium $#Regiomontum $#Regiomontum Borussiae $#Калининград $74031541-1 $8--Tg1--Königsberg $x02 $908508364X 244Z/01 $2Trx $#Solnohrad $8--Trx--Salzburg $x03 $9391194682 244Z/01 $aGeschichte 1727-1740 $x04 244Z/01 $2Trx $#Salzburgi protestandid 1731/32 $#Zalcburgo protestantai 1731/32 $#Salzburg Protestants 1731/32 $#salzburgi protestánsok 1731/32 $#protestanci salzburscy 1731/32 $#protestanti salzburskí 1731/32 $#protestanti salcburští 1731/32 $8--Trx--Salzburger Protestanten$g1731/32 $x05 $9391376616 244Z/01 $2Trx $#väljarändamine $#emigracija $#emigration $#kivándorlás $#emigracja $#emigrácia $#emigrace $#Emigration $#vysťahovalectvo $#vystěhovalectví $8--Trx--Auswanderung $x06 $9391375334 244Z/01 $2Trx $#migratsioonid $#migracijos $#migrations $#migrációk $#migracje $#migrácie $#migrace $8--Trx--Migrationen $x07 $9391383477 244Z/01 $2Trx $8--Trx--Zeitschriftenaufsatz $x08 $9391384341 245Z/01 $a08.03 $x01 247C/01 $82080>Marburg/Lahn, Herder-Institut, Forschungsbibliothek, Bibliographieportal $9336309341
| LEADER | 00000caa a22000002c 4500 | ||
|---|---|---|---|
| 001 | 391628100 | ||
| 003 | DE-603 | ||
| 005 | 20210425105317.0 | ||
| 007 | tu | ||
| 008 | 161111s2000 xx |||| | u00||u|ger c | ||
| 035 | |a (DE-599)HEB391628100 | ||
| 040 | |a DE-603 |b ger |c DE-603 |d DE-603 | ||
| 041 | |a ger | ||
| 082 | 0 | 4 | |8 1\u |a 304.6094382 |q DE-101 |2 23/BSB |
| 084 | |a 7,41 |a 8,1 |2 ssgn | ||
| 085 | |8 1\u |b 304.609 | ||
| 085 | |8 1\u |z 2 |s 4382 | ||
| 085 | |8 1\u |z 2 |s 43832 | ||
| 100 | 1 | |a Knorr-Anders, Esther | |
| 245 | 0 | 0 | |a "Lebe wohl, du wertes Vaterland" |b Die Vertreibung der Salzburger Protestanten |
| 264 | 0 | |c 2000 | |
| 773 | 0 | 8 | |i In |t Das Ostpreußenblatt |d Hamburg : Landsmannschaft, 1950-2003 |x 0947-9597 |g Band 51, Heft 43 (2000), Seite 12, Abb. |w (DE-603)047780835 |w (DE-600)529299-2 |
| 924 | 0 | |9 2080 |a (DE-603)787722561 |b DE-2080 |c HES |d d |g / | |


